000 00368pab a2200157 454500
008 180718b1988 xxu||||| |||| 00| 0 eng d
100 _aAvinash Chander
245 _aManagement accounting in government.
260 _c1988
300 _a107 - 13.
362 _aAug.
650 _aAccounting
700 _aAshok Arora
773 _aChartered Accountant
909 _a568
999 _c568
_d568